Flexible approach to CAP payments announced (Record no. 117397)
[ view plain ]
| 000 -LEADER | |
|---|---|
| fixed length control field | 01204cam a2200217 4500 |
| 001 - CONTROL NUMBER | |
| control field | WB4020-18 |
| 008 - FIXED-LENGTH DATA ELEMENTS--GENERAL INFORMATION | |
| fixed length control field | 040525n2004 000 0 eng u |
| 035 ## - SYSTEM CONTROL NUMBER | |
| System control number | (Sirsi) u126287 |
| 245 ## - TITLE STATEMENT | |
| Title | Flexible approach to CAP payments announced |
| 260 ## - PUBLICATION, DISTRIBUTION, ETC. | |
| Date of publication, distribution, etc. | 2004 |
| 490 ## - SERIES STATEMENT | |
| Series statement | DEFRA News Release |
| Volume/sequential designation | (192/04) 20 May 2004 (2) |
| 520 ## - SUMMARY, ETC. | |
| Summary, etc. | Farming ministers across the UK have agreed on a flexible approach to the 'ten month rule' on new CAP payments. From 2005 a new flat-rate Single Farm Payment for English farmers will be phased in over eight years. Farmers can set their own start date, which can fall between 1 October 2004 and 30 April 2005 or the default date of 1 February 2005 will be the start date for those not selecting an alternative. Further information on CAP reform and the Single Farm payment is available at http://www.defra.gov.uk/farm/capreform/index.htm and http://www.defra.gov.uk/farm/capreform/implementat ion/impl02.htm. http://www.defra.gov.uk/news/2004/040520b.htm |
| 590 ## - LOCAL NOTE (RLIN) | |
| Local note | WB |
| 590 ## - LOCAL NOTE (RLIN) | |
| Local note | WB |
| 650 ## - SUBJECT ADDED ENTRY--TOPICAL TERM | |
| Topical term or geographic name entry element | TEN MONTH RULE |
| 650 ## - SUBJECT ADDED ENTRY--TOPICAL TERM | |
| Topical term or geographic name entry element | SINGLE FARM PAYMENT |
| 650 ## - SUBJECT ADDED ENTRY--TOPICAL TERM | |
| Topical term or geographic name entry element | EUROPEAN UNION |
| 650 ## - SUBJECT ADDED ENTRY--TOPICAL TERM | |
| Topical term or geographic name entry element | CAP REFORM |
| 690 ## - LOCAL SUBJECT ADDED ENTRY--TOPICAL TERM (OCLC, RLIN) | |
| Topical term or geographic name as entry element | RURAL-AGRICULTURE AND FORESTRY |
| 942 ## - ADDED ENTRY ELEMENTS (KOHA) | |
| Suppress in OPAC | 0 |
| Withdrawn status | Lost status | Source of classification or shelving scheme | Damaged status | Not for loan | Home library | Current library | Shelving location | Date acquired | Total Checkouts | Full call number | Barcode | Date last seen | Copy number | Price effective from | Koha item type |
|---|---|---|---|---|---|---|---|---|---|---|---|---|---|---|---|
| Dewey Decimal Classification | London | London | News article | 25/05/2004 | WB4020-18 | 126287-1001 | 06/08/2019 | 1 | 06/08/2019 | News article |